MARC

LEADER 00000nam0a2200000 4500
001 302373
005 20231102001509.0
035 |a (RuTPU)RU\TPU\book\327579 
090 |a 302373 
100 |a 20150821d1973 k y0rusy50 ca 
101 0 |a rus 
102 |a RU 
105 |a a z 001zy 
200 1 |a Релейная защита и электроавтоматика на переменном оперативном токе  |f Я. С. Гельфанд, М. Л. Голубев, М. И. Царев  |g под ред. М. И. Царева 
210 |a Москва  |c Энергия  |d 1973 
215 |a 279 с.  |c ил. 
320 |a Библиогр.: с. 274-276. 
606 1 |a Релейная защита в целом  |2 stltpush  |3 (RuTPU)RU\TPU\subj\24926  |9 49192 
610 1 |a автоматика 
610 1 |a оперативный ток 
610 1 |a питанияе 
610 1 |a провода 
610 1 |a выключатели 
610 1 |a короткозамыкатели 
610 1 |a измерительные трансформаторы 
610 1 |a реле 
610 1 |a защита 
610 1 |a автоматическое включение 
610 1 |a схемы 
610 1 |a управление 
610 1 |a источники 
675 |a 621.316.925.1  |v 3 
700 1 |a Гельфанд  |b Я. С.  |g Яков Соломонович 
701 1 |a Голубев  |b М. Л.  |g Михаил Львович 
701 1 |a Царев  |b М. И.  |g Михаил Иванович 
702 1 |a Царев  |b М. И.  |g Михаил Иванович  |4 340 
801 1 |a RU  |b 63413507  |c 20150821 
801 2 |a RU  |b 63413507  |c 20210412  |g RCR 
942 |c BK